000 00712nam a2200265Ia 4500
003 SMC
005 20160721092955.0
008 160319s9999 xx 000 0 und d
020 _a971-23-3747-2
050 _aFIL HF 5415.12
050 _b.P5M46 2003
100 _aMendoza, Shirley I.
245 _aModules for marketing /
245 _cShirley I. Mendoza.
260 _aManila:
260 _bRex Book Store, Inc.,
260 _c2003
300 _a184 pages :
300 _billustrations ;
300 _c22 cm.
500 _aIncludes index.
650 _aMarketing -- Study and teaching -- Philippines.
650 _xMarketing -- Philippines -- Problems, exercises, etc.
942 _2lcc
_cBK
999 _c291675
_d291675